Actrices internationales par images - Statistiques

Statistiques générales
  • Ce quiz a été pris 71 fois
  • Le résultat moyen est 19 sur 44
Statistiques - réponses
Par images Hint Réponse % Correct
1975 Angelina Jolie
90%
1990 Emma Watson
90%
1969 Jennifer Aniston
86%
1981 Natalie Portman
86%
1996 Zendaya
84%
1967 Julia Roberts
83%
1984 Scarlett Johansson
78%
1988 Emma Stone
76%
1974 Penélope Cruz
76%
1962 Demi Moore
66%
1972 Cameron Diaz
64%
1985 Gal Gadot
55%
1970 Uma Thurman
53%
1966 Salma Hayek
52%
1964 Sandra Bullock
52%
1986 Megan Fox
50%
1987 Blake Lively
48%
1997 Sydney Sweeney
48%
1963 Lisa Kudrow
47%
1955 Whoopi Goldberg
41%
1958 Sharon Stone
40%
1977 Jessica Chastain
36%
1968 Lucy Liu
36%
1965 Sarah Jessica Parker
36%
1959 Emma Thompson
34%
1989 Lily Collins
33%
1971 Shannon Doherty
33%
1961 Meg Ryan
31%
1976 Diane Kruger
29%
1982 Kirsten Dunst
29%
1998 Elle Fanning
28%
1979 Jennifer Love Hewitt
26%
1983 Emily Blunt
24%
1957 Fran Drescher
24%
1960 Juliane Moore
24%
1993 Sofia Carson
24%
1956 Carrie Fisher
21%
1994 Dakota Fanning
21%
1978 Michelle Rodriguez
19%
1980 Christina Ricci
16%
1995 Natalia Dyer
16%
1992 Daisy Ridley
14%
1973 Rose McGowan
14%
1991 Evanna Lynch
10%
Aucun quiz correspondant
Distribution des résultats
% des personnes avec chaque résultat
Percentile par nombre de réponses
Votre historique - résultats
Vous n’avez pas pris ce quiz